000 00505cam a2200205 4500
001 D2989
008 090401t1984 xxu||||| |||| 00| 0 eng d
035 _a(Sirsi) u71421
041 _aeng
050 _a693.71
100 _aCroxton, P.C.L.
245 _aElementary structural design of steelwork to BS449
260 _aLondon
_bEdward Arnold
_c1984
300 _axv. 407p. ill. 25cm
350 _a13.75
700 _aMartin, L.H.
700 _aPurkiss, J.A.
942 _n0
948 _c04/03/1997
999 _c95407
_d95407